Detalles MARC
| 000 -LEADER |
| fixed length control field |
02227nam a2200277 a 4500 |
| 001 - CONTROL NUMBER |
| control field |
|
| 003 - CONTROL NUMBER IDENTIFIER |
| control field |
DO-SdBNP |
| 005 - DATE AND TIME OF LATEST TRANSACTION |
| control field |
20211001083158.0 |
| 008 - FIXED-LENGTH DATA ELEMENTS--GENERAL INFORMATION |
| fixed length control field |
081124s2002 dr ac 001 f spa d |
| 020 ## - INTERNATIONAL STANDARD BOOK NUMBER |
| International Standard Book Number |
9789993432180 |
| 040 ## - CATALOGING SOURCE |
| Original cataloging agency |
DO-SdBNP |
| Language of cataloging |
spa |
| Transcribing agency |
BPMSU |
| 082 ## - DEWEY DECIMAL CLASSIFICATION NUMBER |
| Classification number |
RD863.44 |
| Item number |
D542c 2000 |
| Edition number |
22 |
| 100 1# - MAIN ENTRY--PERSONAL NAME |
| Personal name |
Díaz Grullón, Virgilio, |
| Dates associated with a name |
1924-2001 |
| 245 10 - TITLE STATEMENT |
| Title |
Cuentos completos / |
| Statement of responsibility, etc. |
Virgilio Díaz Grullón ; prólogo Ángela Hernández |
| 260 ## - PUBLICATION, DISTRIBUTION, ETC. (IMPRINT) |
| Place of publication, distribution, etc. |
Santo Domingo : |
| Name of publisher, distributor, etc. |
Cole, |
| Date of publication, distribution, etc. |
2002. |
| 300 ## - PHYSICAL DESCRIPTION |
| Extent |
312 p. : |
| Other physical details |
il., retrs. ; |
| Dimensions |
23 cm. |
| 500 ## - GENERAL NOTE |
| General note |
Incluye datos biográficos del autor en la solapa de la cubierta |
| 505 0# - FORMATTED CONTENTS NOTE |
| Title |
Prólogo de Ángela Hernández -- |
| -- |
Opiniones sobre el ser humano y el escritor -- |
| -- |
Un encuentro con Virgilio Díaz Grullón -- |
| -- |
Cronología de Virgilio Díaz Grullón -- |
| -- |
Ratones -- |
| -- |
Edipo -- |
| -- |
El pozo sin fondo -- |
| -- |
Jornada completa -- |
| -- |
Caín -- |
| -- |
Cacería -- |
| -- |
El reloj -- |
| -- |
Martillazos en la noche -- |
| -- |
Vecindad -- |
| -- |
Pesadilla -- |
| -- |
La puntualidad del señor Martínez -- |
| -- |
Fiebre -- |
| -- |
Círculo -- |
| -- |
El corcho sobre el río -- |
| -- |
El pequeño culpable -- |
| -- |
Dos pesos para Cirilo -- |
| -- |
Más allá del espejo -- |
| -- |
Un epitafio para don Justo -- |
| -- |
Su amigo Arcadio -- |
| -- |
Retorno -- |
| -- |
A través del muro -- |
| -- |
Crónica policial -- |
| -- |
La campana rota -- |
| -- |
Biografía de un suicida -- |
| -- |
Doble personalidad -- |
| -- |
Ícaro -- |
| -- |
El diario inconcluso -- |
| -- |
Vertiginoso tiempo -- |
| -- |
La verdadera pesadilla -- |
| -- |
La mutación -- |
| -- |
Viaje al microcosmos -- |
| -- |
Punto de vista -- |
| -- |
El uno y el otro -- |
| -- |
La trampa -- |
| -- |
El cuento sin título -- |
| -- |
Falso embarazo -- |
| -- |
La pareja -- |
| -- |
La broma póstuma -- |
| -- |
La invasión -- |
| -- |
El maleficio -- |
| -- |
Paréntesis folclórico -- |
| -- |
La resignada inmortalidad de don Cástulo -- |
| -- |
El aprendiz de brujo -- |
| -- |
Pas de Deux -- |
| -- |
Más allá del espejo -- |
| -- |
La enemiga -- |
| -- |
El delicioso -- |
| -- |
La única verídica versión de la muerte de Johnny Watson relatada por él mismo -- |
| -- |
Catatónico -- |
| -- |
Matum -- |
| -- |
La culebra -- |
| -- |
El niño preguntón -- |
| -- |
Legalismo. |
| 590 ## - LOCAL NOTE (RLIN) |
| Local note |
Inventariado, 2019/VM |
| 600 14 - SUBJECT ADDED ENTRY--PERSONAL NAME |
| Personal name |
Díaz Grullón, Virgilio |
| Dates associated with a name |
1924-2001 |
| General subdivision |
Hitorias y crítica |
| 650 #4 - SUBJECT ADDED ENTRY--TOPICAL TERM |
| Topical term or geographic name as entry element |
Cuentos dominicanos |
| Form subdivision |
Colecciones |
| 650 #4 - SUBJECT ADDED ENTRY--TOPICAL TERM |
| Topical term or geographic name as entry element |
Literatura dominicana. |
| 700 ## - ADDED ENTRY--PERSONAL NAME |
| Personal name |
Hernández, Ángela |
| Relator term |
pról. |
| 910 ## - USER-OPTION DATA (OCLC) |
| User-option data |
VMateo V. |
| 942 ## - ADDED ENTRY ELEMENTS (KOHA) |
| Source of classification or shelving scheme |
Dewey Decimal Classification |
| Koha item type |
Libros |